000 00241nam a2200109Ia 4500
008 200302s9999 xx 000 0 und d
100 _aTaschen
245 _aHot and Cold
260 _bTaschen Gmbh Publishing
260 _c2017
300 _a711
999 _c6504
_d6504